000 00630nam a22002057a 4500
001 000033685
003 DO-SdBNP
005 20220209134108.0
007 ta
008 110905s1934 dr 000 0 spa d
040 _aDO-SdBNP
_bspa
_cBNPHU
082 _a036.1
_bA445
245 0 3 _aAlmanaque dominicano :
_cdirijido y editado por Alfredo Rojas
_bpublicación anual /
260 _aSantiago, República Dominicana :
_bCorazón de Jesús,
_c1934
300 _a[166] p.
_c22 cm.
590 _aInventariado, 2022 / DG
650 _aRepública Dominicana
_xDiccionarios y enciclopedias
_981201
910 _aDG
942 _2ddc
_cLBS1
999 _c51393
_d51393